ARRUPE JESUIT UNIVERSITY

CORONAVIRUS -STOP THE SPREAD - CLEAN,DISINFECT,COVER

Roots rocking in Zimbabwe / (Record no. 125968)

MARC details
000 -LEADER
fixed length control field 00740nam a2200253 a 4500
001 - CONTROL NUMBER
control field 2420324
003 - CONTROL NUMBER IDENTIFIER
control field ARRUPE
005 - DATE AND TIME OF LATEST TRANSACTION
control field 20170112110932.0
008 - FIXED-LENGTH DATA ELEMENTS--GENERAL INFORMATION
fixed length control field 870225s1985 rh afg 000 0 eng
010 ## - LIBRARY OF CONGRESS CONTROL NUMBER
LC control number 86980591
020 ## - INTERNATIONAL STANDARD BOOK NUMBER
International Standard Book Number 0869223607 (pbk.)
040 ## - CATALOGING SOURCE
Original cataloging agency DLC
Transcribing agency DLC
Modifying agency DLC
043 ## - GEOGRAPHIC AREA CODE
Geographic area code f-rh---
050 00 - LIBRARY OF CONGRESS CALL NUMBER
Classification number ML350.5Z55 1985
082 00 - DEWEY DECIMAL CLASSIFICATION NUMBER
Classification number 780/.96891
Edition number 19
300 ## - PHYSICAL DESCRIPTION
Dimensions 21cm.
100 1# - MAIN ENTRY--PERSONAL NAME
Personal name Zindi, Fred.
9 (RLIN) 27457
245 10 - TITLE STATEMENT
Title Roots rocking in Zimbabwe /
Statement of responsibility, etc by Fred Zindi.
260 ## - PUBLICATION, DISTRIBUTION, ETC. (IMPRINT)
Place of publication, distribution, etc Gweru,
Name of publisher, distributor, etc Mambo Press,
Date of publication, distribution, etc 1985.
300 ## - PHYSICAL DESCRIPTION
Extent viii, 98p.;
650 #0 - SUBJECT ADDED ENTRY--TOPICAL TERM
Topical term or geographic name as entry element Music
Geographic subdivision Zimbabwe
Chronological subdivision 20th century
General subdivision History and criticism.
9 (RLIN) 28309
906 ## - LOCAL DATA ELEMENT F, LDF (RLIN)
a 7
b cbc
c orignew
d 3
e ncip
f 19
g y-gencatlg
942 ## - ADDED ENTRY ELEMENTS (KOHA)
Source of classification or shelving scheme Library of Congress Classification
Koha item type Monograph ( Printed materials)
Holdings
Withdrawn status Lost status Source of classification or shelving scheme Damaged status Not for loan Collection code Home library Current library Shelving location Date acquired Total Checkouts Full call number Barcode Date last seen Date checked out Price effective from Koha item type
    Library of Congress Classification     Main Collection ARRUPE LIBRARY ARRUPE LIBRARY Main Collection 12/01/2017 3 ML350.5Z55 1985 46500022595 18/10/2019 02/10/2019 12/01/2017 Monograph ( Printed materials)

 

Arrupe Library. PO Box MP320 Mt Pleasant, Harare, Zimbabwe
263 242 745411|librarian@aju.ac.zw